2009 AFL Premiership Team - Statistics

General Stats
  • This quiz has been taken 100 times
  • The average score is 18 of 24
Answer Stats
Hint Answer % Correct
Premiership Team Geelong
99%
Full Forward Tom Hawkins
97%
Rover Gary Ablett
96%
Full Back Matthew Scarlett
94%
Forward Pocket Paul Chapman
93%
Half Forward Flank Jimmy Bartel
91%
Ruck Rover Joel Selwood
90%
Forward Pocket Steve Johnson
90%
Centre Cameron Ling
88%
Coach Mark Thompson
84%
Back Pocket Corey Enright
83%
Centre Half Forward Cameron Mooney
81%
Half Back Flank Tom Harley
77%
Interchange Brad Ottens
75%
Centre Half Back Harry Taylor
74%
Wing Joel Corey
70%
Interchange Max Rooke
67%
Half Forward Flank Travis Varcoe
62%
Half Back Flank Andrew Mackie
59%
Back Pocket Darren Milburn
59%
Wing James Kelly
58%
Interchange David Wojcinski
57%
Ruck Mark Blake
55%
Interchange Shannon Byrnes
48%
No matching quizzes found
Score Distribution
Percent of People with Each Score
Percentile by Number Answered
Your Score History
You have not taken this quiz